000
00307nam a2200121Ia 4500
008
191201s2019 xx 000 0 und d
100
_a
NIIT
245
0
_a
Developing Web Applications with Visual Basic.NET and ASP.NET
260
_a
N. Delhi
_b
PHI
300
_a
585
650
_a
B.Tech(CSE)
942
_2
ddc
_c
BK
999
_c
5586
_d
5586